Chaîne de mots "Mathématiques" - Statistiques

Statistiques générales
  • Ce quiz a été pris 251 fois
  • Le résultat moyen est 16 sur 25
Statistiques - réponses
Définition Réponse % Correct
?, 18, 27, 36, 45, 54 etc Neuf
91%
ax2 + bx + c est une équation au _ _ _ _ _ _ degré Second
86%
90° s'il désigne un angle Droit
85%
Triangle dont tous les cotés sont égaux Equilatéral
84%
Le théorème de _ _ _ _ _ _ Thales
83%
Opération dans laquelle on utilise le signe ( - ) Soustraction
81%
1000 kilos en font 1 Tonne
81%
Nom d'un angle inférieur a 90° Aigu
79%
Le chiffre des unités de la multiplication par ce chiffre est 0 ou lui même Cinq
79%
Elle est carré si pour 16 le résultat est 4, et pour 144, le résultat est de 12 Racine
77%
Multiplie ce même chiffre par 3 Quinze
75%
Énoncé mathématique qui comporte au moins une variable et la relation d’égalité Equation
72%
Nombre supérieur d'une fraction Numérateur
72%
En géométrie, il s'agit d'une portion de droite délimitée par deux points Segment
71%
Cette lettre si Δ correspond à une différence entre deux quantités Delta
69%
Mètre, Kilogramme, Seconde, Ampère, Kelvin, Mole et le Candela Unités
68%
La suite de _ _ _ _ _ _ _ _ _, le résultat est l'addition des 2 nombres précédent Fibonacci
65%
Prendre la _ _ _ _ _ _ _ _ et synonyme de s'enfuir, d'esquiver Tangente
63%
Côté opposé/Hypoténuse Sinus
57%
Réunion des deux ensembles A et B (exemple le logo des JO en contient 4) Intersection
45%
Nom donné a chacun des sommets d'un réseau Noeud
38%
Distance théorique de 28 cm a été mesurée à 27,84 cm. L' _ _ _ _ _ _absolue est égale à 0,16. Erreur
32%
Autre nom du 2 et du 3 quand on parle de cylindrée ou de superficie Exposants
32%
Comparaison entre deux quantités de même nature avec les mêmes unités Rapport
28%
Le nombre entier qui compte les répétitions de la base multipliée par elle-même Logarithme
11%
Aucun quiz correspondant
Distribution des résultats
% des personnes avec chaque résultat
Percentile par nombre de réponses
Votre historique - résultats
Vous n’avez pas pris ce quiz